Институциональный менеджмент в вузах: хрестоматия по современным проблемам организации деятельности университетов

Մատենագիտական մանրամասներ
Համատեղ հեղինակ: Уральский государственный университет
Այլ հեղինակներ: Клюев А. К. (редактор), Князев Е. А.
Ամփոփում:Хрестоматия содержит в себе лучшие статьи, опубликованные в журнале «Университетское управление: практика и анализ» с 2003 по 2006 гг., а также других монографиях и сборниках. Авторы статей рассматривают такие вопросы как концепция современной модели университета, принципы реорганизации университета, направления совершенствования академической, научной и инновационной деятельности современного университета. Тема развития системы управления и стратегического менеджмента, проблема разработки стратегических ориентиров и технологии построения университета также анализируются на страницах данной хрестоматии. Отдельные разделы посвящены формированию новой организационной культуры университета и мониторингу процесса организационного развития университета. Предназначено для специалистов в вузовском управлении, руководителей и административных работников вузов.
Լեզու:ռուսերեն
Հրապարակվել է: Екатеринбург, Изд-во Уральского ун-та, 2006
Խորագրեր:
Ձևաչափ: Գիրք
KOHA link:https://koha.lib.tpu.ru/cgi-bin/koha/opac-detail.pl?biblionumber=113710

MARC

LEADER 00000nam0a2200000 4500
001 113710
005 20231031122006.0
010 |a 5752516544 
035 |a (RuTPU)RU\TPU\book\122972 
090 |a 113710 
100 |a 20070416d2006 k y0rusy50 ca 
101 0 |a rus 
102 |a RU 
105 |a y j 001zy 
200 1 |a Институциональный менеджмент в вузах  |e хрестоматия по современным проблемам организации деятельности университетов  |f Уральский государственный университет; под ред. А. К. Клюева, Е. А. Князева 
210 |a Екатеринбург  |c Изд-во Уральского ун-та  |d 2006 
215 |a 171 с. 
320 |a Библиогр. в конце ст. 
330 |a Хрестоматия содержит в себе лучшие статьи, опубликованные в журнале «Университетское управление: практика и анализ» с 2003 по 2006 гг., а также других монографиях и сборниках. Авторы статей рассматривают такие вопросы как концепция современной модели университета, принципы реорганизации университета, направления совершенствования академической, научной и инновационной деятельности современного университета. Тема развития системы управления и стратегического менеджмента, проблема разработки стратегических ориентиров и технологии построения университета также анализируются на страницах данной хрестоматии. Отдельные разделы посвящены формированию новой организационной культуры университета и мониторингу процесса организационного развития университета. Предназначено для специалистов в вузовском управлении, руководителей и административных работников вузов. 
610 1 |a образование 
610 1 |a высшее образование 
610 1 |a вузы 
610 1 |a управление 
610 1 |a институциональный менеджмент 
610 1 |a инновации 
610 1 |a инновационные вузы 
610 1 |a хрестоматии 
686 |a Ч484(2)К я73  |v LBC/SL-A  |2 rubbk 
702 1 |a Клюев  |b А. К.  |4 340 
702 1 |a Князев  |b Е. А.  |4 340 
712 0 2 |a Уральский государственный университет  |2 stltpush  |3 (RuTPU)RU\TPU\col\962 
801 1 |a RU  |b 63413507  |c 20070416  |g PSBO 
801 2 |a RU  |b 63413507  |c 20070514  |g PSBO 
942 |c BK